[Event "Aarhusmesterskabet 2020"]
[Site "Aarhus"]
[Date "2020.02.15"]
[Round "5.8"]
[White "Marthedal, Anton Mehmet Yildiz"]
[Black "Zander, Emil"]
[Result "1-0"]
[WhiteElo "1920"]
[BlackElo "1462"]
[Annotator "NA"]
[PlyCount "59"]
[EventDate "2020.02.14"]
[EventType "swiss"]
[EventCountry "DEN"]
[SourceTitle "playchess.com"]
[Source "ChessBase"]
[SourceQuality "1"]
[TimeControl "40/5400+30:1800+30"]

1. d4 {[%emt 0:00:00]} Nf6 {[%emt 0:00:00]} 2. Bf4 {[%emt 0:00:03]} g6 {[%emt 0:00:51]} 3. Nd2 {[%emt 0:00:46]} Bg7 {[%emt 0:00:54]} 4. e4 {[%emt 0:00:35]} d6 {[%emt 0:00:14]} 5. Ngf3 {[%emt 0:00:55]} Bg4 {[%emt 0:00:52]} 6. Bc4 {[%emt 0:01:32]} Nbd7 {[%emt 0:00:18]} 7. c3 {[%emt 0:01:13]} e5 {[%emt 0:00:13]} 8. Bg5 {[%emt 0:01:41]} O-O {[%emt 0:03:56]} 9. O-O {[%emt 0:00:20]} Nb6 {[%emt 0:01:43]} 10. Bb3 {[%emt 0:01:37]} Re8 {[%emt 0:02:27]} 11. h3 {[%emt 0:01:34]} Bxf3 {[%emt 0:00:11]} 12. Qxf3 {[%emt 0:00:20]} a5 {[%emt 0:00:46]} 13. a3 {[%emt 0:03:32]} Rc8 {[%emt 0:01:14]} 14. Rfe1 {[%emt 0:01:31]} c5 {[%emt 0:00:22]} 15. d5 {[%emt 0:00:54]} c4 {[%emt 0:00:17]} 16. Ba2 {[%emt 0:02:06]} Na4 {[%emt 0:01:22]} 17. Bxc4 {[%emt 0:02:24]} Nc5 {[%emt 0:06:32]} 18. b4 {[%emt 0:01:27]} Na6 {[%emt 0:00:34]} 19. Bb5 {[%emt 0:01:11]} Rf8 {[%emt 0:00:40]} 20. Bxa6 {[%emt 0:02:43]} bxa6 {[%emt 0:00:24]} 21. Nb3 {[%emt 0:00:50]} h6 {[%emt 0:01:26]} 22. Bxf6 {[%emt 0:00:25]} Bxf6 {[%emt 0:00:40]} 23. Nxa5 {[%emt 0:00:15]} Bg5 {[%emt 0:00:26]} 24. Nc6 {[%emt 0:03:02]} Qd7 {[%emt 0:00:36]} 25. Qd3 {[%emt 0:02:32]} Ra8 {[%emt 0:02:53]} 26. c4 {[%emt 0:01:01]} f5 {[%emt 0:00:49]} 27. c5 {[%emt 0:01:30]} Rf6 {[%emt 0:00:17]} 28. Rad1 {[%emt 0:02:08]} fxe4 {[%emt 0:00:21]} 29. Qxe4 {[%emt 0:01:32]} Raf8 {[%emt 0:00:24]} 30. h4 {[%emt 0:01:49]} 1-0

[Event "Aarhusmesterskabet 2020"]
[Site "Aarhus"]
[Date "2020.02.15"]
[Round "5.9"]
[White "Thybo, Thomas Sondergaard"]
[Black "Andersen, Claus Nis"]
[Result "1-0"]
[WhiteElo "2075"]
[BlackElo "1697"]
[Annotator "NA"]
[PlyCount "69"]
[EventDate "2020.02.14"]
[EventType "swiss"]
[EventCountry "DEN"]
[SourceTitle "playchess.com"]
[Source "ChessBase"]
[SourceQuality "1"]
[TimeControl "40/5400+30:1800+30"]

1. e4 {[%emt 0:00:00]} e5 {[%emt 0:00:12]} 2. Nf3 {[%emt 0:00:00]} Nf6 {[%emt 0:00:05]} 3. Nxe5 {[%emt 0:01:08]} d6 {[%emt 0:00:06]} 4. Nf3 {[%emt 0:00:12]} Nxe4 {[%emt 0:00:06]} 5. Nc3 {[%emt 0:00:15]} Nxc3 {[%emt 0:00:08]} 6. dxc3 {[%emt 0:00:06]} Be7 {[%emt 0:00:07]} 7. Be3 {[%emt 0:00:59]} Nc6 {[%emt 0:00:23]} 8. Bc4 {[%emt 0:00:26]} Be6 {[%emt 0:02:02]} 9. Bxe6 {[%emt 0:03:41]} fxe6 {[%emt 0:00:06]} 10. Qe2 {[%emt 0:05:48]} Qd7 {[%emt 0:07:47]} 11. Ng5 {[%emt 0:03:36]} Bf6 {[%emt 0:05:52]} 12. Qh5+ {[%emt 0:11:06]} g6 {[%emt 0:02:04]} 13. Qg4 {[%emt 0:00:07]} Bxg5 {[%emt 0:03:17]} 14. Qxg5 {[%emt 0:00:36]} Ne7 {[%emt 0:02:38]} 15. O-O-O {[%emt 0:09:11]} a6 {[%emt 0:04:07]} 16. h4 {[%emt 0:07:06]} O-O-O {[%emt 0:00:23]} 17. h5 {[%emt 0:00:28]} Rhg8 {[%emt 0:06:56]} 18. g3 {[%emt 0:06:14]} Nf5 {[%emt 0:01:22]} 19. Bf4 {[%emt 0:01:16]} h6 {[%emt 0:00:33]} 20. Qg4 {[%emt 0:00:06]} g5 {[%emt 0:00:07]} 21. Bd2 {[%emt 0:00:04]} e5 {[%emt 0:02:46]} 22. Kb1 {[%emt 0:00:53]} Rdf8 {[%emt 0:02:26]} 23. Bc1 {[%emt 0:02:31]} Ne7 {[%emt 0:03:10]} 24. Qe2 {[%emt 0:00:53]} Qf5 {[%emt 0:00:19]} 25. f4 {[%emt 0:00:16]} gxf4 {[%emt 0:04:09]} 26. gxf4 {[%emt 0:00:07]} e4 {[%emt 0:01:45]} 27. Rhe1 {[%emt 0:04:13]} d5 {[%emt 0:06:28]} 28. c4 {[%emt 0:00:05]} c6 {[%emt 0:00:13]} 29. cxd5 {[%emt 0:00:06]} Nxd5 {[%emt 0:01:16]} 30. Qxe4 {[%emt 0:01:28]} Nxf4 {[%emt 0:07:18]} 31. Qd4 {[%emt 0:11:28]} Nxh5 {[%emt 0:08:18]} 32. Re5 {[%emt 0:13:09]} Qf7 {[%emt 0:02:39]} 33. Qc5 {[%emt 0:00:36]} Ng7 {[%emt 0:09:22]} 34. Re7 {[%emt 0:01:17]} Qf6 {[%emt 0:02:09]} 35. Rdd7 {[%emt 0:01:15]} 1-0

[Event "Aarhusmesterskabet 2020"]
[Site "Aarhus"]
[Date "2020.02.15"]
[Round "5.10"]
[White "Knudsen, Philip Uhre"]
[Black "Oehlerich, Per"]
[Result "0-1"]
[WhiteElo "1779"]
[BlackElo "1935"]
[Annotator "NA"]
[PlyCount "28"]
[EventDate "2020.02.14"]
[EventType "swiss"]
[EventCountry "DEN"]
[SourceTitle "playchess.com"]
[Source "ChessBase"]
[SourceQuality "1"]
[TimeControl "40/5400+30:1800+30"]

1. e4 {[%emt 0:00:00]} b6 {[%emt 0:00:10]} 2. d4 {[%emt 0:00:46]} Bb7 {[%emt 0:00:22]} 3. Nf3 {[%emt 0:00:52]} Bxe4 {[%emt 0:01:25]} 4. Nc3 {[%emt 0:01:15]} Bb7 {[%emt 0:00:32]} 5. Be2 {[%emt 0:04:00]} e6 {[%emt 0:00:53]} 6. O-O {[%emt 0:00:22]} Nf6 {[%emt 0:00:52]} 7. Bf4 {[%emt 0:07:36]} Be7 {[%emt 0:01:54]} 8. Re1 {[%emt 0:07:36]} O-O {[%emt 0:01:49]} 9. Bd3 {[%emt 0:03:01]} d6 {[%emt 0:01:41]} 10. Nd2 {[%emt 0:14:50]} Nbd7 {[%emt 0:03:48]} 11. Nce4 {[%emt 0:03:32]} Re8 {[%emt 0:06:26]} 12. c3 {[%emt 0:02:58]} Nf8 {[%emt 0:03:23]} 13. Qc2 {[%emt 0:02:09]} Nd5 {[%emt 0:08:29]} 14. Be3 {[%emt 0:03:48]} f5 {[%emt 0:01:13]} 0-1

[Event "Aarhusmesterskabet 2020"]
[Site "Aarhus"]
[Date "2020.02.16"]
[Round "6.1"]
[White "Danielsen, Henrik"]
[Black "Dumas, Charles"]
[Result "1-0"]
[WhiteElo "2511"]
[BlackElo "2289"]
[Annotator "TA"]
[PlyCount "41"]
[EventDate "2020.02.14"]
[EventType "swiss"]
[EventCountry "DEN"]
[SourceTitle "playchess.com"]
[Source "ChessBase"]
[SourceQuality "1"]

{[%evp 12,79,29,25,23,16,30,30,22,17,24,16,32,21,50,31,43,56,71,29,29,14,23,15,29,14,2,5,29,29,37,0,29,24,10,14,60,0,0,0,26,26,26,41,37,0,156,226,225,220,127,0,224,214,212,212,200,197,1035,983,846,842,29972,29971,29977,29977,29978,29979,29980,29981]} 1. Nf3 Nf6 2. c4 e6 3. Nc3 Bb4 4. Qc2 O-O 5. a3 Bxc3 6. Qxc3 b6 7. b4 a5 {A17: English Opening: 1...Nf6 with ...Bb4.} 8. Bb2 axb4 9. axb4 Rxa1+ {White has an edge.} 10. Bxa1 c5 11. b5 d6 12. e3 e5 13. Be2 {[#]} Nbd7 $146 ({Predecessor:} 13... Re8 14. d3 Nbd7 15. O-O Bb7 16. Bb2 Nf8 17. Ra1 Qb8 18. Nh4 Ng6 19. Nxg6 hxg6 {½-½ (29) Cheparinov,I (2687)-Almasi,Z (2688) Varadero 2016}) 14. O-O e4 15. Ng5 {Threatens to win with Nxe4!} Ne5 16. f4 exf3 $1 17. Nxf3 Re8 18. d3 {[%cal Rf3e5]} Nfg4 19. e4 Re6 20. Nxe5 Nxe5 21. Qd2 {Played: Be2-g4} 1-0

[Event "Aarhusmesterskabet 2020"]
[Site "Aarhus"]
[Date "2020.02.16"]
[Round "6.2"]
[White "Hansen, Lars Bo"]
[Black "Ochsner, Bjorn Moller"]
[Result "0-1"]
[WhiteElo "2560"]
[BlackElo "2472"]
[Annotator "TA"]
[PlyCount "36"]
[EventDate "2020.02.14"]
[EventType "swiss"]
[EventCountry "DEN"]
[SourceTitle "playchess.com"]
[Source "ChessBase"]
[SourceQuality "1"]

{[%evp 9,36,-2,8,-8,-16,-22,4,-7,0,-4,3,1,8,0,13,19,23,-10,-7,-26,-15,-16,-17,-50,-31,-50,-37,-422,-429]} 1. e4 c5 2. Nc3 d6 3. f4 g6 4. Nf3 Bg7 5. Bb5+ Bd7 6. Bc4 {B23: Closed Sicilian: Lines without g3.} Nc6 7. O-O Na5 8. Be2 {The position is equal.} Nf6 9. Qe1 O-O 10. d3 Nc6 11. Qh4 Nd4 12. Bd1 Bg4 13. Rf2 {[#]} e6 $146 ({Predecessor:} 13... b5 14. f5 d5 15. Bg5 Bxf3 16. Bxf3 Nxf3+ 17. gxf3 b4 18. Ne2 Qd6 19. Bf4 e5 {0-1 (43) Cornette,D (2405)-Mammadzada,G (2182) Plovdiv 2014}) 14. Ng5 Bxd1 15. Nxd1 h6 $36 {[%mdl 2048] Hoping for ...Nh7. Black has some pressure.} 16. Nh3 Nd7 17. Qg3 Bf6 {White must now prevent ...Bh4.} 18. Qe3 $2 {[%mdl 8192] [#]} (18. Rd2 $1 $15) 18... Nxc2 $1 {[%mdl 576] Clearance. Accuracy: White = 66%, Black = 90%.} 0-1

[Event "Aarhusmesterskabet 2020"]
[Site "Aarhus"]
[Date "2020.02.16"]
[Round "6.3"]
[White "Fries-Nielsen, Jens Ove"]
[Black "Holm, Filip"]
[Result "1-0"]
[WhiteElo "2373"]
[BlackElo "1956"]
[Annotator "TA"]
[PlyCount "39"]
[EventDate "2020.02.14"]
[EventType "swiss"]
[EventCountry "DEN"]
[SourceTitle "playchess.com"]
[Source "ChessBase"]
[SourceQuality "1"]

{[%evp 11,39,66,62,30,55,25,61,53,136,130,301,293,502,491,517,470,471,489,483,487,479,435,707,711,705,483,750,727,732,745]} 1. d4 g6 2. e4 Bg7 3. Nc3 d6 4. Be3 Nf6 5. f3 Nbd7 6. Qd2 c6 7. a4 {[%cal Ba2a4,Ba4b5][%mdl 32] B07: Pirc Defence: Miscellaneous Systems.} a6 8. Nh3 Qa5 9. Be2 {[#] White is slightly better.} b5 $146 {[#]} (9... c5 $14) ({Predecessor:} 9... O-O 10. O-O c5 11. Nf2 cxd4 12. Bxd4 Ne5 13. Rfd1 Qc7 14. Nd5 Nxd5 15. exd5 b6 {1-0 (54) Semenova,L (2235)-Gurieli,N (2255) Rostov-on-Don 1980}) 10. b4 $1 $16 {[%cal Rb4a5][%mdl 512]} Qxb4 $2 (10... Qd8 $16) 11. axb5 $18 c5 $2 (11... Nb6 {is a better defense.} 12. Rb1 (12. bxc6 Nc4 $16) (12. bxa6 Bxh3 13. Rb1 Qa5 $18) 12... Qa5 13. bxc6 Bxh3 14. gxh3 O-O) 12. Ra4 {White is clearly winning.} Qb2 13. O-O Nb6 14. Ra2 Qb4 15. Rb1 Nc4 16. Qd3 Be6 (16... Nxe3 $142 17. Rxb4 cxb4 18. Qxe3 bxc3 19. bxa6 O-O) 17. Rxb4 cxb4 18. Nd5 Nxd5 (18... Bxd5 $142 19. exd5 Nxe3 20. Rxa6 Rc8 21. Qxe3 O-O) 19. Qxc4 {Strongly threatening Qc6+.} Rc8 20. exd5 {Accuracy: White = 78%, Black = 12%.} 1-0

[Event "Aarhusmesterskabet 2020"]
[Site "Aarhus"]
[Date "2020.02.16"]
[Round "6.4"]
[White "Nielsen, Viktor Haarmark"]
[Black "Marthedal, Anton Mehmet Yildiz"]
[Result "1-0"]
[WhiteElo "2300"]
[BlackElo "1920"]
[Annotator "TA"]
[PlyCount "31"]
[EventDate "2020.02.14"]
[EventType "swiss"]
[EventCountry "DEN"]
[SourceTitle "playchess.com"]
[Source "ChessBase"]
[SourceQuality "1"]

{[%evp 9,30,43,47,28,232,229,233,225,210,215,233,228,214,186,263,230,252,250,243,246,239,249,29999]} 1. e4 d5 2. exd5 Qxd5 3. Nc3 Qd8 4. d4 Nf6 5. Bc4 Bg4 6. Nf3 {And now Ne5! would win. B01: Scandinavian Defence.} c6 $2 {[#]} (6... e6 $11) 7. Bxf7+ $1 $18 {[%mdl 576] Decoy} Kxf7 8. Ne5+ {[%mdl 64] Double Attack, Discovered Attack. White is clearly better.} Kg8 9. Nxg4 $40 {[%mdl 128] White attacks with force.} Nbd7 10. Qe2 {[%cal Re2e6] [#]} h6 $146 ({Predecessor:} 10... Nxg4 11. Qe6# {1-0 (11) Christiansen,J (2495)-Al Bargi,H (1579) Riadh 2017}) 11. O-O Qb6 (11... Nxg4 $142 12. Qxg4 Nf6 13. Qe6+ Kh7) 12. Qe6+ Kh7 13. Ne5 Qxd4 14. Qf5+ Kg8 15. Ng6 {Strongly threatening Rd1.} Rh7 $2 {[#]} (15... Qc4 $18 16. Nxh8 Kxh8) 16. Qe6# {Accuracy: White = 88%, Black = 32%.} 1-0

[Event "Aarhusmesterskabet 2020"]
[Site "Aarhus"]
[Date "2020.02.16"]
[Round "6.5"]
[White "Schmidt, Tommy B."]
[Black "Hoiberg, Nina"]
[Result "1/2-1/2"]
[WhiteElo "2166"]
[BlackElo "2168"]
[Annotator "TA"]
[PlyCount "45"]
[EventDate "2020.02.14"]
[EventType "swiss"]
[EventCountry "DEN"]
[SourceTitle "playchess.com"]
[Source "ChessBase"]
[SourceQuality "1"]

{[%evp 19,45,37,33,37,39,13,30,2,31,31,98,91,86,75,93,87,106,104,83,27,15,34,33,25,37,18,79,-3]} 1. Nf3 d6 2. d4 Nf6 3. c4 Nbd7 4. Nc3 e5 5. e4 Be7 6. Be2 O-O 7. O-O c6 8. Re1 a6 9. Bf1 b5 10. a3 Bb7 11. b4 {A55: Old Indian Defence with Nf3 and e4.} Qb8 12. Bb2 Re8 13. Qb3 {[#] White has an edge.} Bf8 $146 ({Predecessor:} 13... h6 14. a4 exd4 15. Nxd4 bxa4 16. Nxa4 c5 17. Nf5 Bf8 18. bxc5 Nxe4 19. cxd6 Bc6 {½-½ (63) Jedynak,R (2353)-Goluch,P (2299) Jastrzebia Gora 2018}) 14. dxe5 dxe5 (14... Nxe5 $14 15. Nxe5 dxe5) 15. c5 $16 h6 16. Nh4 Nh7 17. Rad1 Bc8 18. Nf5 Ndf6 19. Nd6 ({Better is} 19. Qc2 $16) 19... Be6 $1 $11 {[%cal Re6b3]} 20. Qc2 Rd8 $1 {[%cal Rf8d6]} 21. Nf5 Qc7 22. Nb1 g6 (22... a5 $11 {remains equal.}) 23. Ne3 {Accuracy: White = 70%, Black = 68%.} (23. Nd6 $1 $16) 1/2-1/2

[Event "Aarhusmesterskabet 2020"]
[Site "Aarhus"]
[Date "2020.02.16"]
[Round "6.6"]
[White "Hansen, Morten Lyck"]
[Black "Klitgaard, Thomas"]
[Result "0-1"]
[WhiteElo "1984"]
[BlackElo "2187"]
[Annotator "TA"]
[PlyCount "94"]
[EventDate "2020.02.14"]
[EventType "swiss"]
[EventCountry "DEN"]
[SourceTitle "playchess.com"]
[Source "ChessBase"]
[SourceQuality "1"]

{[%evp 31,94,26,37,-29,-20,-45,-26,-48,-46,-37,0,0,0,0,0,-22,0,-37,0,-64,-67,-61,-61,-154,-154,-165,-154,-154,-161,-155,-150,-266,-268,-299,-288,-356,-351,-340,-338,-294,-282,-265,-234,-271,-252,-345,-313,-509,-504,-468,-420,-813,-800,-1045,-993,-919,-700,-642,-531,-650,-642,-6195,-5219,-29988,-29989]} 1. e4 e5 2. Nf3 Nc6 3. Bb5 a6 4. Ba4 Nf6 5. O-O Be7 6. Re1 b5 7. Bb3 d6 8. c3 O-O 9. h3 Nb8 10. d4 Nbd7 11. Nbd2 Bb7 12. Bc2 Re8 13. Nf1 Bf8 14. Ng3 g6 15. Bg5 h6 16. Bd2 Bg7 17. Nh2 {C95: Closed Ruy Lopez: Breyer Variation with 10 d4.} (17. Qc1 $14) 17... d5 $11 18. dxe5 Nxe5 {[#]} 19. f4 $146 {Black has an edge.} ({Predecessor:} 19. exd5 Qxd5 20. f3 Nc4 21. Bc1 Qc5+ 22. Kh1 Rad8 23. Rxe8+ Rxe8 24. Qg1 Qxg1+ 25. Kxg1 {½-½ (57) Leits,J-Farkas,L Hungary 1994}) 19... Nc4 $1 {[%csl LRb2,LRe4]} 20. e5 {[#]} Ne4 $1 {[%mdl 512]} 21. Nxe4 (21. Bxe4 dxe4) 21... dxe4 22. Bc1 Qxd1 23. Rxd1 Rad8 $36 {[%mdl 2048] Black has good play.} 24. b3 {Threatens to win with Rxd8.} Nb6 25. Nf1 (25. Rxd8 $11 Rxd8 26. Ng4) 25... Rxd1 $15 26. Bxd1 f6 27. exf6 (27. Ng3 $15) 27... Bxf6 $17 28. Bd2 Nd5 {aiming for ...e3.} 29. Ne3 Nxc3 {And now ...Ne2+! would win.} ({And not} 29... Nxf4 30. Ng4 $11) 30. Rc1 {[#]} b4 $1 ({Weaker is} 30... Nxa2 31. Rc2 $16) 31. Ng4 (31. Kf1 $17) 31... Bd4+ $19 32. Be3 Rd8 33. Nxh6+ Kg7 34. Ng4 c5 35. Kf2 Bxe3+ 36. Nxe3 Rd2+ 37. Ke1 Rxa2 38. h4 a5 39. g4 $2 (39. f5 {was the only chance.}) 39... Rh2 40. h5 gxh5 41. g5 (41. gxh5 $142 Bc6 42. Nf5+ Kf7 43. Ne3) 41... h4 42. f5 h3 43. f6+ Kf8 {Strongly threatening ...Rg2!} 44. g6 Rh1+ 45. Kf2 Nxd1+ 46. Rxd1 Rxd1 47. Nxd1 h2 {Accuracy: White = 41%, Black = 85%.} 0-1

[Event "Aarhusmesterskabet 2020"]
[Site "Aarhus"]
[Date "2020.02.16"]
[Round "6.7"]
[White "Hardlei, Johan"]
[Black "Thybo, Thomas Sondergaard"]
[Result "0-1"]
[WhiteElo "2128"]
[BlackElo "2075"]
[Annotator "TA"]
[PlyCount "132"]
[EventDate "2020.02.14"]
[EventType "swiss"]
[EventCountry "DEN"]
[SourceTitle "playchess.com"]
[Source "ChessBase"]
[SourceQuality "1"]

{[%evp 13,136,29,48,9,34,27,18,14,18,18,37,28,34,18,30,20,43,5,59,28,45,11,4,-14,-10,-10,-19,-14,-10,-13,0,-9,0,0,0,-2,0,0,0,-64,-58,-64,-61,-58,-16,-20,-15,-12,-20,-21,6,-165,-168,-149,-23,-120,-114,-120,-120,-110,-116,-121,-91,-146,-127,-133,-123,-115,-106,-112,-109,-169,-176,-377,-377,-817,-795,-756,-682,-686,-653,-1162,-1086,-978,-304,-304,-304,-304,-296,-508,-310,-496,-449,-29943,-29953,-29952,-29946,-29953,-29953,-29962,-29963,-29965,-29966,-29966,-29967,-29968,-29970,-29971,-29972,-29974,-29975,-29974,-29973,-29976,-29977,-29977,-29978,-29977,-29978,-29978,-29979,-29980,-29981,-29982,-29983]} 1. Nf3 d5 2. b3 Nf6 3. Bb2 e6 4. e3 Bd6 5. d4 Ne4 6. Bd3 f5 7. O-O O-O 8. Ne5 {D05: Colle System with ...e6.} Nd7 {[%cal Bb8d7,Bd7f6,Bf6g4][%mdl 32]} 9. f3 Nef6 10. f4 {The position is equal.} Ne4 {[#]} 11. c4 $146 ({Predecessor:} 11. Nc3 c6 12. Rf3 Nxe5 13. fxe5 Bb4 14. Ne2 g5 15. g4 Bd7 16. a3 Be7 17. Ng3 Nxg3 18. Rxg3 {0-1 (42) Paschall,W (2423)-Desmarais,C (2187) Boston 2000}) 11... Ndf6 12. c5 Bxe5 13. fxe5 Ng4 14. Qe1 Qg5 15. Rf4 Bd7 (15... b6 $11) 16. Nc3 $14 b6 17. cxb6 axb6 18. Bxe4 fxe4 19. Qg3 {Black must now prevent h4.} Rxf4 20. exf4 Qh5 21. Nd1 Bb5 22. a4 $132 {[%mdl 2048] White has counterplay} Nh6 23. Ne3 Bd3 24. Rc1 Qf7 25. Qg5 Qd7 26. f5 (26. h3 $11) 26... Nxf5 $15 27. Nxf5 exf5 28. e6 Qd6 {Threatens to win with ...f4.} 29. Qxf5 Rf8 30. Qe5 Qxe5 31. dxe5 $11 {[%mdl 4096] Endgame KRB-KRB} c5 32. h3 $2 (32. a5 $11 {and White stays safe.}) 32... Ra8 $19 33. b4 Bc4 ({Not} 33... Rxa4 34. bxc5 bxc5 35. Rxc5 $11) (33... cxb4 $17 34. Rc7 e3) 34. a5 (34. bxc5 $11 {keeps the balance.} bxc5 35. Ba3) 34... bxa5 $17 ({But not} 34... cxb4 35. axb6 Kf8 36. Bd4 $11) 35. bxc5 {[#]} Kf8 $1 36. Kf2 Ke7 37. Ke3 Kxe6 38. Bc3 (38. Ra1 $142) 38... a4 {[%cal Ba5a4,Ba4a3,Ba3a2][%mdl 32]} 39. Rb1 {intending Rb6+.} Bb3 40. Bd4 Rf8 41. Rc1 Rb8 {And now ...a3 would win.} 42. Ra1 (42. c6 $17) 42... Rb4 $19 43. Rf1 $2 {[#]} (43. h4) 43... a3 $1 44. Rf8 $2 (44. h4) 44... a2 45. Re8+ Kd7 46. Ra8 Ba4 {Strongly threatening ...Rxd4!} 47. Ra7+ Kc6 48. Ra6+ Kb5 $2 (48... Kc7 {Hoping for ...Rxd4!} 49. Ra7+ Kb8 50. Rxa4 Rxa4) 49. Rb6+ Ka5 {...Rxd4! is the strong threat.} 50. Rxb4 Kxb4 {KB-KB} 51. e6 $2 (51. Kd2) 51... g5 52. g3 (52. c6 $142 Bxc6 53. Ke2) 52... Kc4 53. h4 (53. c6 $19 Bxc6 54. Bb2) 53... gxh4 {Black mates.} 54. gxh4 h5 55. e7 Be8 56. Ba1 Kxc5 57. Be5 Bb5 58. Bd4+ Kd6 59. Kf4 Kxe7 60. Be5 Be8 61. Bd4 Kd6 62. Ke3 Bf7 63. Bb2 Kc5 64. Bd4+ Kc4 65. Be5 Kb3 66. Kd2 {[#]} Be8 {Played: e4-e3} 0-1

[Event "Aarhusmesterskabet 2020"]
[Site "Aarhus"]
[Date "2020.02.16"]
[Round "6.8"]
[White "Oehlerich, Per"]
[Black "Fogh, Jens Olaf Svanholm"]
[Result "0-1"]
[WhiteElo "1935"]
[BlackElo "2112"]
[Annotator "TA"]
[PlyCount "61"]
[EventDate "2020.02.14"]
[EventType "swiss"]
[EventCountry "DEN"]
[SourceTitle "playchess.com"]
[Source "ChessBase"]
[SourceQuality "1"]

{[%evp 11,61,-4,10,-22,-18,-22,-17,-29,-31,-33,-27,-33,-31,-83,-68,-177,-164,-139,-143,-170,-176,-204,-202,-233,-239,-242,-201,-187,-154,-152,-146,-139,-151,-370,-366,-352,-233,-243,-227,-330,0,-356,-336,-647,-627,-962,-941,-927,-907,-2196,-2162,-2079]} 1. c4 Nf6 2. g3 e6 3. Bg2 d5 4. Nf3 c5 5. O-O Nc6 6. d3 Be7 7. a3 {A30: Symmetrical English: Double Fianchetto and Hedgehog.} O-O 8. Qc2 d4 9. e3 {The position is equal.} a5 10. exd4 cxd4 11. Re1 Nd7 12. Bf4 (12. b3 $15) 12... Nc5 $17 13. Ne5 (13. Bc1 $15) 13... Nxe5 $19 14. Bxe5 f6 15. Bf4 e5 {[#]} 16. Bd2 $146 ({Predecessor:} 16. Bc1 Bf5 17. Bf1 Qd7 18. Nd2 Rfc8 19. Rb1 a4 20. b4 axb3 21. Nxb3 b5 22. Nd2 bxc4 23. Nxc4 {1-0 (38) Nothnagel,H (2301)-Sarbok,T (2328) Germany 2017}) 16... Bf5 17. Bd5+ Kh8 18. Be4 Bxe4 19. dxe4 f5 20. exf5 e4 21. b4 axb4 22. axb4 $2 (22. Bxb4 $17 d3 23. Qa2) 22... Rxa1 23. bxc5 Bxc5 24. Qxe4 Qb6 {[#] White must now prevent ...d3!} 25. Kg2 (25. Rf1 $142) 25... Qb2 $2 (25... Qc6 $19 {Threatens to win with ...Qxe4+.} 26. Qxc6 bxc6) 26. f6 $2 {[%mdl 8192]} (26. Qe5 $1 $11 Qb6 27. g4) 26... Rxf6 27. Qd5 $2 (27. Qd3) 27... Bf8 {Black is clearly winning.} ({Less strong is} 27... Rxb1 28. Qxc5 h6 29. Re8+ Kh7 30. Qd5 $11) 28. Qe5 Rxb1 29. Rxb1 Qxb1 30. Bg5 Rf5 31. Qe8 {Accuracy: White = 34%, Black = 80%.} 0-1

[Event "Aarhusmesterskabet 2020"]
[Site "Aarhus"]
[Date "2020.02.16"]
[Round "6.10"]
[White "Nguyen, Phong Van"]
[Black "Poulsen, Knud"]
[Result "1-0"]
[WhiteElo "1743"]
[BlackElo "1727"]
[Annotator "NA RC"]
[PlyCount "73"]
[EventDate "2020.02.14"]
[EventType "swiss"]
[EventCountry "DEN"]
[SourceTitle "playchess.com"]
[Source "ChessBase"]
[SourceQuality "1"]
[TimeControl "40/5400+30:1800+30"]

1. e4 {[%emt 0:00:13]} c5 {[%emt 0:00:00]} 2. Nc3 {[%emt 0:00:20]} Nc6 {[%emt 0:01:22]} 3. f4 {[%emt 0:00:46]} e6 {[%emt 0:02:19]} 4. Bb5 {[%emt 0:01:14]} g6 {[%emt 0:02:08]} 5. Bxc6 {[%emt 0:00:36]} dxc6 {[%emt 0:00:54]} 6. Nf3 {[%emt 0:00:24]} Bg7 {[%emt 0:00:56]} 7. O-O {[%emt 0:01:36]} Ne7 {[%emt 0:00:47]} 8. e5 {[%emt 0:02:56]} Nf5 {[%emt 0:02:39]} 9. Ne4 {[%emt 0:01:26]} O-O {[%emt 0:03:46]} 10. Kh1 {[%emt 0:05:26]} b6 {[%emt 0:01:50]} 11. b3 {[%emt 0:09:35]} Ba6 {[%emt 0:06:06]} 12. c4 {[%emt 0:01:01]} Qe7 {[%emt 0:09:15]} 13. Bb2 {[%emt 0:02:11]} Rad8 {[%emt 0:05:31]} 14. g4 {[%emt 0:08:01]} Nd4 {[%emt 0:03:34]} 15. Nxd4 {[%emt 0:01:23]} cxd4 {[%emt 0:02:20]} 16. g5 {[%emt 0:00:42]} c5 {[%emt 0:05:13]} 17. d3 {[%emt 0:03:02]} Bb7 {[%emt 0:01:19]} 18. Qe1 {[%emt 0:02:45]} h5 {[%emt 0:00:48]} 19. gxh6 {[%emt 0:11:16]} Bxh6 {[%emt 0:01:39]} 20. Qg3 {[%emt 0:00:25]} f5 {[%emt 0:04:27]} 21. exf6 {[%emt 0:04:29]} Rxf6 {[%emt 0:03:50]} 22. Kg1 {[%emt 0:02:58]} Bxe4 {[%emt 0:01:42]} 23. dxe4 {[%emt 0:00:15]} Qf7 {[%emt 0:02:05]} 24. Qh4 {[%emt 0:06:38]} Qg7 {[%emt 0:00:52]} 25. e5 {[%emt 0:02:45]} Rff8 26. Qg4 Rf5 {[%emt 0:06:36]} 27. Rf3 {[%emt 0:01:53]} Rdf8 {[%emt 0:03:49]} 28. Raf1 {[%emt 0:00:14]} Qf7 {[%emt 0:01:14]} 29. Bc1 {[%emt 0:00:26]} Kh7 {[%emt 0:02:57]} 30. Kg2 {[%emt 0:06:23]} Qb7 {[%emt 0:02:35]} 31. Qh4 {[%emt 0:02:09]} Kg7 {[%emt 0:02:06]} 32. Kg1 {[%emt 0:02:42]} Rh8 33. Rg3 Qf7 {[%emt 0:07:25]} 34. Qg4 {[%emt 0:02:11]} Kh7 {[%emt 0:02:49]} 35. Rf2 {[%emt 0:02:03]} g5 {[%emt 0:03:57]} 36. fxg5 {[%emt 0:02:45]} Rxf2 {[%emt 0:02:47]} 37. g6+ 1-0